<?xml version="1.0" encoding="UTF-8"?>
<record
    xmlns:xsi="http://www.w3.org/2001/XMLSchema-instance"
    xsi:schemaLocation="http://www.loc.gov/MARC21/slim http://www.loc.gov/standards/marcxml/schema/MARC21slim.xsd"
    xmlns="http://www.loc.gov/MARC21/slim">

  <leader>01068nam a22002177a 4500</leader>
  <controlfield tag="005">20150124130029.0</controlfield>
  <controlfield tag="008">140206t        mx ||||| |||| 00| 0 spa d</controlfield>
  <datafield tag="020" ind1=" " ind2=" ">
    <subfield code="a">9786074015546</subfield>
  </datafield>
  <datafield tag="050" ind1="0" ind2="4">
    <subfield code="a">JA88.M4 </subfield>
    <subfield code="b">G66 2012</subfield>
  </datafield>
  <datafield tag="100" ind1="1" ind2=" ">
    <subfield code="a">G&#xF3;mez Collado, Martha Esthela, </subfield>
    <subfield code="e">autor.</subfield>
  </datafield>
  <datafield tag="245" ind1="1" ind2="3">
    <subfield code="a">La tutor&#xED;a acad&#xE9;mica en la Facultad de Ciencias Pol&#xED;ticas y Sociales de la Universidad Aut&#xF3;noma del Estado de M&#xE9;xico desde la perspectiva de la educaci&#xF3;n para la paz</subfield>
    <subfield code="c">/ Martha Esthela G&#xF3;mez Collado</subfield>
  </datafield>
  <datafield tag="260" ind1=" " ind2=" ">
    <subfield code="a">[Toluca, Edo. de M&#xE9;x.] : </subfield>
    <subfield code="b">Universidad Aut&#xF3;noma del Estado de M&#xE9;xico ; M&#xE9;xico, D.F. : M. A. Porr&#xFA;a, </subfield>
    <subfield code="c">2012</subfield>
  </datafield>
  <datafield tag="300" ind1=" " ind2=" ">
    <subfield code="a">303p.;</subfield>
    <subfield code="c">22cm.</subfield>
  </datafield>
  <datafield tag="440" ind1=" " ind2="0">
    <subfield code="a">Las ciencias sociales. Tercera d&#xE9;cada</subfield>
  </datafield>
  <datafield tag="504" ind1=" " ind2=" ">
    <subfield code="a">incluye bibliografia</subfield>
  </datafield>
  <datafield tag="650" ind1=" " ind2="4">
    <subfield code="a">Universidad Aut&#xF3;noma del Estado de M&#xE9;xico. </subfield>
    <subfield code="x">Facultad de Ciencias Pol&#xED;ticas y Sociales </subfield>
    <subfield code="z">Curricula</subfield>
  </datafield>
  <datafield tag="650" ind1=" " ind2=" ">
    <subfield code="a">Ciencia pol&#xED;tica </subfield>
    <subfield code="x">Estudio y ense&#xF1;anza (Superior) </subfield>
    <subfield code="z">Estado de M&#xE9;xico</subfield>
  </datafield>
  <datafield tag="650" ind1=" " ind2=" ">
    <subfield code="a">Tutores y tutor&#xED;a </subfield>
    <subfield code="z">Estado de M&#xE9;xico</subfield>
  </datafield>
  <datafield tag="650" ind1=" " ind2=" ">
    <subfield code="a">Reconciliaci&#xF3;n </subfield>
    <subfield code="z">Estado de M&#xE9;xico</subfield>
  </datafield>
  <datafield tag="942" ind1=" " ind2=" ">
    <subfield code="2">ddc</subfield>
    <subfield code="c">LIB</subfield>
  </datafield>
  <datafield tag="999" ind1=" " ind2=" ">
    <subfield code="c">48470</subfield>
    <subfield code="d">48470</subfield>
  </datafield>
  <datafield tag="952" ind1=" " ind2=" ">
    <subfield code="1">0</subfield>
    <subfield code="2">lcc</subfield>
    <subfield code="4">0</subfield>
    <subfield code="7">0</subfield>
    <subfield code="a">LIC-047</subfield>
    <subfield code="b">LIC-047</subfield>
    <subfield code="c">GENERAL</subfield>
    <subfield code="d">2014-02-06</subfield>
    <subfield code="e">Donaci&#xF3;n</subfield>
    <subfield code="h">BFP000005894</subfield>
    <subfield code="i">Ciencias de la salud</subfield>
    <subfield code="k">Ciencias de la salud</subfield>
    <subfield code="o">JA88.M4 G66 2012</subfield>
    <subfield code="p">BFP000005894</subfield>
    <subfield code="r">2014-02-06 00:00:00</subfield>
    <subfield code="t">1</subfield>
    <subfield code="y">LIB</subfield>
  </datafield>
</record>
